000 00589nam a22001577a 4500
005 20120424114025.0
020 _a8170992990
_c00.00
035 _aA-464874
037 _aDPL
_bENG
100 _aJairath, Madhu Sudan
_945634
245 _aTribal economy and society /
_cby Madhu Sudan Jairath
260 _aNew Delhi
_bMittal Publications
_c1991
300 _ax, 121p.
_c20 cms.
942 _2ddc
_cEN
_h307.772
_mJAI
999 _c65516
_d65516